| 000 | 00885nam a2200265 i 4500 | ||
|---|---|---|---|
| 001 | 000049211 | ||
| 003 | DO-SdBNP | ||
| 005 | 20230925110756.0 | ||
| 007 | ta | ||
| 008 | 190729s2008 dr 000 0 spa d | ||
| 040 |
_aDO-SdBNP _bspa _cBNPHU _erda |
||
| 082 | 4 |
_bN937 _222 |
|
| 245 | 0 | 0 | _aNovedades de autores dominicanos 2007-2008 |
| 264 |
_aSanto Domingo : _bTrinitaria, _c2008 |
||
| 300 |
_a94 paginas. : _bilustraciones. ; _c26 cm. |
||
| 336 |
_2rdacontent _atexto _btxt |
||
| 337 |
_2rdamedia _asin mediación _bn |
||
| 338 |
_2rdacarrier _avolumen _bnc |
||
| 500 | _aCátalogo 2007-2008, 40 aniversario | ||
| 505 | 0 |
_aNarrativa -- _tpoesía -- _tEnsayo -- _tEdiciones Librería-- _tLa Trinitaría -- _tCatálogo -- _tEditora Manatí -- |
|
| 590 | _aInventariado, 2023/DG | ||
| 710 | 2 |
_aLibrería la Trinitaria (República Dominicana) _976518 |
|
| 910 | _aDG | ||
| 942 |
_2ddc _cLBS1 |
||
| 999 |
_c54919 _d54919 |
||